France - Croatie - Finale de la Coupe du monde 2018 - Statistiques

Statistiques générales
  • Ce quiz a été pris 229 fois
  • Le résultat moyen est 20 sur 27
Statistiques - réponses
Fonction Réponse % Correct
Gardien - France Hugo Lloris
99%
Attaquant - France Antoine Griezmann
98%
Défenseur - France Benjamin Pavard
97%
Attaquant - France Kylian Mbappé
97%
Attaquant - France Olivier Giroud
97%
Milieu - France Paul Pogba
97%
Défenseur - France Raphaël Varane
96%
Défenseur - France Lucas Hernandez
95%
Milieu - France N'Golo Kanté
94%
Défenseur - France Samuel Umtiti
94%
Milieu - France Blaise Matuidi
92%
Milieu - Croatie Luka Modrić
92%
Attaquant - Croatie Mario Mandžukić
85%
Attaquant - Croatie Ivan Perišić
82%
Gardien - Croatie Danijel Subašić
79%
Milieu - Croatie Ivan Rakitić
73%
Remplaçant n°1 - France Steven Nzonzi
71%
Défenseur - Croatie Domagoj Vida
63%
Remplaçant n°3 - France Nabil Fekir
63%
Remplaçant n°2 - France Corentin Tolisso
61%
Défenseur - Croatie Dejan Lovren
53%
Milieu - Croatie Marcelo Brozović
43%
Attaquant - Croatie Ante Rebić
39%
Défenseur - Croatie Šime Vrsaljko
37%
Remplaçant n°1 - Croatie Andrej Kramarić
34%
Défenseur - Croatie Ivan Strinić
24%
Remplaçant n°2 - Croatie Marko Pjaca
10%
Aucun quiz correspondant
Distribution des résultats
% des personnes avec chaque résultat
Percentile par nombre de réponses
Votre historique - résultats
Vous n’avez pas pris ce quiz